GETS Theological Seminary Library

荀子"分"思想研究 (Record no. 29966)

MARC details
000 -LEADER
fixed length control field 00586nam a2200205Ia 4500
008 - FIXED-LENGTH DATA ELEMENTS--GENERAL INFORMATION
fixed length control field 201007s9999||||xx |||||||||||||| ||und||
020 ## - INTERNATIONAL STANDARD BOOK NUMBER
International Standard Book Number 752033046X
020 ## - INTERNATIONAL STANDARD BOOK NUMBER
International Standard Book Number 9787520330466
041 ## - LANGUAGE CODE
Language code of text/sound track or separate title chi
050 ## - LIBRARY OF CONGRESS CALL NUMBER
Classification number B128.H7
Item number .C443 2018
100 ## - MAIN ENTRY--PERSONAL NAME
Personal name 陈伟
245 #0 - TITLE STATEMENT
Title 荀子"分"思想研究
Remainder of title /
Statement of responsibility, etc. 陈伟
246 ## - VARYING FORM OF TITLE
Title proper/short title 荀子"分"思想研究
260 ## - PUBLICATION, DISTRIBUTION, ETC.
Place of publication, distribution, etc. 北京 :
Name of publisher, distributor, etc. 中国社会科学出版社,
Date of publication, distribution, etc. 2018
300 ## - PHYSICAL DESCRIPTION
Extent 292 p.
Other physical details ;
Dimensions 24 cm.
490 ## - SERIES STATEMENT
Series statement 国家社科基金后期资助项目
650 ## - SUBJECT ADDED ENTRY--TOPICAL TERM
Topical term or geographic name entry element Separation (Philosophy).
650 ## - SUBJECT ADDED ENTRY--TOPICAL TERM
Topical term or geographic name entry element Xunzi, 340 B.C.-245 B.C.
Holdings
Withdrawn status Lost status Damaged status Not for loan Home library Current library Shelving location Date acquired Total Checkouts Full call number Barcode Date last seen Price effective from Koha item type
        GETS Theological Seminary Library GETS Theological Seminary Library General Stacks 10/07/2020   B128.H7 .C443 2018 00017533 10/07/2020 10/07/2020 Chinese Book
OpacCredits

Contact the Librarian, GETS Library
Email: library@mygets.org









Implemented by GETS Library
(Powered by ETCA Professional Group)
GETS Theological Seminary
412 E. Rowland Street, CA 91723